| 000 | 00945nam a2200241Ia 4500 | ||
|---|---|---|---|
| 003 | GCL | ||
| 008 | 140319s9999 xx 000 0 ara d | ||
| 020 | _a8710439960 | ||
| 040 |
_aGCL / _cGCL |
||
| 082 | 0 | 4 |
_a384.04 _bع ا |
| 100 | 1 | _aعبدالكريم بن عبدالله الحربى | |
| 245 | 1 | 0 |
_aالانترنت والقنوات الفضائية ودورها فى الانحراف والجنوح / _cعبدالكريم بن عبدالله الحربى |
| 250 | _aالاولى | ||
| 260 |
_aالرياض : _bالعبيكان ، _c2003 |
||
| 300 |
_a521 ص ؛ _c32 سم |
||
| 650 | 0 | 4 | _aالتليفزيون والاطفال |
| 650 | 0 | 4 | _aوسائل الاعلام والطفل |
| 650 | 0 | 4 | _aالتليفزيون والشباب |
| 650 | 0 | 4 | _aالإنترنت |
| 650 | 0 | 4 | _aوسائل الاعلام - الجوانب الاخلاقية والدينية |
| 650 | 0 | 4 | _aالتليفزيون - اخلاقيات |
| 942 |
_2ddc _cBK |
||
| 999 |
_c56488 _d56488 |
||